| 000 | 00855nam a2200229Ia 4500 | ||
|---|---|---|---|
| 003 | IT-RoPAU | ||
| 005 | 20220918175454.0 | ||
| 008 | 120407s9999 xx 000 0 und d | ||
| 040 | _aIT-RoPAU | ||
| 040 | _cIT-RoPAU | ||
| 041 | _aita | ||
| 100 |
_aGabriele Maria Roschini _934578 |
||
| 245 | _aMaria Santissima nella storia della salvezza. Trattato completo di mariologia alla luce del Concilio Vaticano II... | ||
| 250 | _aIsola del Liri | ||
| 260 | _aTip. editrice M. Pisani | ||
| 260 | _c1969 | ||
| 300 | _c24 cm | ||
| 490 | _v1 | ||
| 600 |
_a"CONTENUTO - Vol I Introduzione generale. Testo, fonti ,principi, bibliografia - Vol II dogma mariano . Pt I. Le singolari funzioni di Maria SS. - Vol. III. Il dogma mariano. Pt. II. I singolari privilegi di Maria SS. - Vol. IV. Il culto mariano " _934579 |
||
| 942 |
_cBK _2ddc |
||
| 999 |
_c13828 _d13828 |
||